Introduction to Homeland security : (Record no. 167572)

MARC details
000 -LEADER
fixed length control field 01125nam a2200313 a 4500
003 - CONTROL NUMBER IDENTIFIER
control field OSt
005 - DATE AND TIME OF LATEST TRANSACTION
control field 20250625114650.0
008 - FIXED-LENGTH DATA ELEMENTS--GENERAL INFORMATION
fixed length control field
020 ## - INTERNATIONAL STANDARD BOOK NUMBER
International Standard Book Number 9780128020289 (paperback)
024 ## - OTHER STANDARD IDENTIFIER
Terms of availability USD 79
040 ## - CATALOGING SOURCE
Transcribing agency NUST
Original cataloging agency NUST
Language of cataloging eng
Modifying agency NUST
Description conventions rda
050 ## - LIBRARY OF CONGRESS CALL NUMBER
Classification number HV6432.4 BUL
100 1# - MAIN ENTRY--PERSONAL NAME
Personal name Bullock, Jane R.
Relator term Author
245 10 - TITLE STATEMENT
Title Introduction to Homeland security :
Remainder of title principles of all hazards risk management /
Statement of responsibility, etc. Jane A. Bullock, George D. Haddow and Damon P. Coppola.
250 ## - EDITION STATEMENT
Edition statement Fifth edition.
260 ## - PUBLICATION, DISTRIBUTION, ETC.
Place of publication, distribution, etc. Amsterdam :
Name of publisher, distributor, etc. Elsevier,
Date of publication, distribution, etc. ©2016.
300 ## - PHYSICAL DESCRIPTION
Extent xvii, 741 pages :
Other physical details Illustrations ;
Dimensions 24 cm.
336 ## - CONTENT TYPE
Source rdacontent
Content type term text
Content type code txt
337 ## - MEDIA TYPE
Source rdamedia
Media type term unmediated
Media type code n
338 ## - CARRIER TYPE
Source rdacarrier
Carrier type term volume
Carrier type code nc
504 ## - BIBLIOGRAPHY, ETC. NOTE
Bibliography, etc. note Includes bibliographical references and index.
650 #1 - SUBJECT ADDED ENTRY--TOPICAL TERM
Form subdivision Civil defense.
650 #1 - SUBJECT ADDED ENTRY--TOPICAL TERM
Form subdivision Civil defense -- United States.
650 #1 - SUBJECT ADDED ENTRY--TOPICAL TERM
Form subdivision National security.
650 #1 - SUBJECT ADDED ENTRY--TOPICAL TERM
Form subdivision Emergency management.
700 ## - ADDED ENTRY--PERSONAL NAME
Personal name Coppola, Damon P.
Relator term Author
700 ## - ADDED ENTRY--PERSONAL NAME
Personal name Haddow, George D.
Relator term Author
942 ## - ADDED ENTRY ELEMENTS (KOHA)
Koha item type Ordinary Loan Books
Call number prefix HV
Call number suffix BUL
Source of classification or shelving scheme Library of Congress Classification
Edition Fifth edition.
Classification part HV6432.4 BUL
Suppress in OPAC No
Holdings
Withdrawn status Lost status Source of classification or shelving scheme Damaged status Not for loan Collection Home library Current library Shelving location Date acquired Source of acquisition Cost, normal purchase price Total Checkouts Full call number Barcode Date last seen Cost, replacement price Price effective from Koha item type Public note Accession number
    LCC     NFIC MAIN MAIN GEN 01/23/2023 Book Aid International 64.00   HV6432.4 BUL 92004044347 01/23/2023 64.00 01/23/2023 BOOKS Donation  
    LCC     NFIC MAIN MAIN GEN 09/09/2025 Book Aid International 64.00   HV6432.4 BUL 92004054801 09/09/2025 64.00 09/09/2025 BOOKS Donation 61124